000 00332nam a2200133 a 4500
005 20140414131904.0
008 100923s19uu xx 00 eng d
050 _aFIC
_bR81 1998
100 _aRoy, Ron
245 _aThe canary caper.
260 _aNew York :
_bScholastic ,
_c1998.
440 _aA to Z mysteries
999 _c110864
_d110864